| 000 | 00491nam a22001457a 4500 | ||
|---|---|---|---|
| 999 |
_c4442 _d4442 |
||
| 008 | 161104b xxu||||| |||| 00| 0 eng d | ||
| 020 | _a9976 60 199 9 | ||
| 082 | _a320.096'78 MMU | ||
| 100 | _aMmuya, Max.- | ||
| 245 |
_aTowards Multiparty Politics in Tanzania: _bA Spectrum of the Current Opposition and the CCM Response/ _cMax Mmuya, Amon Chaligha.- _hEnglish. |
||
| 260 |
_aDar Es Salaam: _bUniversity Press, _c1992. |
||
| 300 |
_a167p.; _c21cm.- |
||
| 650 | _2Politics | ||
| 942 |
_2ddc _cBOOKS |
||